Principles of economics / (Record no. 8858)

MARC details
000 -LEADER
fixed length control field 00954nac a22002411u 4500
010 ## - LIBRARY OF CONGRESS CONTROL NUMBER
LC control number 2005938056
020 ## - INTERNATIONAL STANDARD BOOK NUMBER
International Standard Book Number 0324423500 (international student ed. : hbk.)
082 00 - DEWEY DECIMAL CLASSIFICATION NUMBER
Classification number 330
Item number MAN
090 ## - LOCALLY ASSIGNED LC-TYPE CALL NUMBER (OCLC); LOCAL CALL NUMBER (OCLC)
-- 8858
-- 8858
100 ## - MAIN ENTRY--PERSONAL NAME
Personal name Mankiw, N. Gregory.
245 10 - TITLE STATEMENT
Title Principles of economics /
Statement of responsibility, etc N. Gregory Mankiw.
246 30 - VARYING FORM OF TITLE
Title proper/short title Economics
250 ## - EDITION STATEMENT
Edition statement 4th ed.
260 ## - PUBLICATION, DISTRIBUTION, ETC. (IMPRINT)
Place of publication, distribution, etc Mason, OH :
Name of publisher, distributor, etc Thomson/South-Western,2007
Date of publication, distribution, etc c2007.
300 ## - PHYSICAL DESCRIPTION
Extent xl, 896 p. :
Other physical details col. ill. ;
Dimensions 27 cm.
500 ## - GENERAL NOTE
General note distributer: Baccah
504 ## - BIBLIOGRAPHY, ETC. NOTE
Bibliography, etc Includes bibliographical references and index.
511 ## - PARTICIPANT OR PERFORMER NOTE
Participant or performer note catalogued by: wessam
650 #0 - SUBJECT ADDED ENTRY--TOPICAL TERM
Topical term or geographic name as entry element Economics.
942 ## - ADDED ENTRY ELEMENTS (KOHA)
Item type Book - Borrowing
Call number prefix 330MAN
Holdings
Withdrawn status Item status Source of classification or shelving scheme Materials specified (bound volume or other part) Damaged status Not for loan Home library Current library Shelving location Date acquired Source of acquisition Total Checkouts Full call number Barcode Date last seen Koha item type Vendor Total Renewals Date last borrowed
  Lost Dewey Decimal Classification Lost In Inventory_2015-8-23     Central Library Central Library First floor 26/03/2008 Purchase 1 330 MAN 000010418 22/05/2008 NB - Book (Non borrowing)      
    Dewey Decimal Classification       Central Library Central Library First floor 01/04/2009   4 330 MAN 000015832 14/01/2026 Book - Borrowing Donation-Gift 11 29/09/2025